00937nam a2200205 i 450000100060000000300090000600500170001500700030003200800410003510000270007624501400010325000280024326000810027130000220035251000230037465000220039770000240041970000340044385202540047781780ES-MaACL20250905123710.0t|041108s1943 mx ||||1| spa d1 aHumboldt, Wilhelm von.10aEscritos políticos / cGuillermo de Humboldt ; con una introducción de Siegfried Koehler ; versión española de Wenceslao Roces. a[1ª ed. en español]. aMéxico : bFondo de Cultura Económica, c[1943] (fGráf. Panamericana) a274 p. ; c24 cm. aCCPB,c001051699-9 7aPolítica2embne1 aKoehler, Siegfried.1 aRoces, Wenceslao, d1897-1992 aES-MaACLjD-6611 bR.30279bR.M.6200cSVIfSello en tinta azul de la Biblioteca del Ateneo de MadridgAnotación manuscrita en hoja de guarda: "25,50"zEn cubierta: "12. MAR. 1951"zSello en portada: "Distribución para España, [...], Barcelona"